Zdroje bankového sektora získané prostredníctvom vkladov a emisiou cenných papierov diplomová práca

Enregistré dans:
Détails bibliographiques
Auteur principal: Náterová, Katarína
Collectivité auteur: Národohospodárska fakulta EU. Katedra bankovníctva a medzinárodných financií
Autres auteurs: Tkáčová, Daniela, 1954-
Format: Livre
Langue:slovaque
Publié: Bratislava 2008
Tags: Ajouter un tag
Pas de tags, Soyez le premier à ajouter un tag!

MARC

LEADER 00000nam$a2200000$$$4500
001 0076809
005 20240201120907.1
041 0 |a slo 
044 |a SK 
245 1 0 |a Zdroje bankového sektora získané prostredníctvom vkladov a emisiou cenných papierov  |b diplomová práca  |c Katarína Náterová ; škol. Dana Tkáčová 
264 1 |a Bratislava  |c 2008 
300 |a 74 s. 
100 1 |a Náterová, Katarína 
700 1 |a Tkáčová, Daniela, 1954- 
710 2 |a Národohospodárska fakulta EU. Katedra bankovníctva a medzinárodných financií